Mirabeau (Registro nro. 325549)

Detalles MARC
000 -ENCABEZADO
Número de control [NR] 01802nam a22002417a 4500
005 - FECHA Y HORA DE LA ÚLTIMA TRANSACCIÓN
control field 20250714150237.0
008 - DE LONGITUD FIJA DE DATOS DE ELEMENTOS - INFORMACIÓN GENERAL
Elementos de longitud fija [NR] 250714s1920 fr ||||fr|||| 00| 0 fre d
040 ## - FUENTE DE CATALOGACION [NR]
Agencia de catalogación original [NR] CO-BoUCM
Idioma de catalogación [NR] spa
Quien Cataloga Sandra Yazo
Quien Clasifica Sandra Yazo
041 0# - CODIGO DE IDIOMA [R]
Código de idioma para texto/pista de sonido o título separado [R] Francés
082 04 - NUMERO DE CLASIFICACION DECIMAL DEWEY [R]
Número de la edición [NR] 20
Número de clasificación [R] 923
092 ## - SIGNATURA TOPOGRAFICA LOCAL
Número de clasificación local E54N062
100 1# - ASIENTO PRINCIPAL--NOMBRE PERSONAL [NR]
Nombre personal [NR] Barthou, Louis,
Fechas asociadas con el nombre [NR] 1862-1934
ID Autoridad 102333
245 10 - MENCION DE TITULO [NR]
Título [NR] Mirabeau
Mención de responsabilidad, etc. [NR] Louis Barthou
260 ## - PUBLICACION, DISTRIBUCION, ETC. (PIE DE IMPRENTA) [R]
Lugar de publicación, distribución, etc. [R] París (Francia)
Nombre del editor, distribuidor, etc. [R] Librairie Hachette
Fecha de publicación, distribución, etc. [R] 1920
300 ## - DESCRIPCION FISICA [R]
Extensión [R] 324 páginas
Dimensiones [R] 22 x 15 cm
500 ## - NOTA GENERAL [R]
Nota general [NR] Detalles físicos: Sin encuadernación original, actualmente: Encuadernación rígida (holandesa): cartón forrado en papel con textura (negro). Lomo en tela, con letras y líneas decorativas en dorado. Guardas. Anteportada. Hoja de papel satinado (frontispicio) con retrato de Mirabeau, desprenda. Portada impresa en dos tintas, con grabado decorativo. Texto impreso en una sola columna, con diferentes tipos y tamaños de letra. En papel satinado, fotografías (fuera de texto). Cortes decorados con jaspeados de color azul. Índice. Tapa delantera con deterioro en bordes y esquinas. Lámina de página 8, casi desprendida
505 0# - NOTA DE CONTENIDO CON FORMATO PREESTABLECIDO [R]
Nota de contenido con formato preestablecido [NR] Orígenes: la familia ; Antes de la Revolución: Años de juventud ; Del castillo de If al castillo de Joux ; Mirabeau y Sofía de Monnier ; Mirabeau en la torre de Vincennes ; Mirabeau en Alemania ; Mirabeau y la Revolución: Las elecciones en Provence ; Mirabeau y los Estados Generales ; Jornadas de octubre de 1789 ; Trato con la Corte ; Los tres últimos meses ; Mirabeau, hombre de Estado ; Mirabeau, orador
506 ## - NOTA DE RESTRICCIONES DE ACCESO [R]
Condiciones de acceso [NR] Consulta en sala
600 ## - ASIENTO SECUNDARIO DE MATERIA - NOMBRE PERSONAL [R]
Nombre personal [NR] Mirabeau, Honoré-Gabriel de Riqueti
Títulos y otras palabras asociadas con el nombre [R] comte de
Fechas asociadas con el nombre [NR] 1749-1791
Subdivisión general [R] Biografías
9 (RLIN) 186125
650 #7 - ASIENTO SECUNDARIO DE MATERIA - TERMINO TEMATICO [R]
9 (RLIN) 16933
Término temático o nombre geográfico como elemento de entrada [NR] Historia de Francia
Subdivisión cronológica [R] Siglo XVIII
690 ## - ASUNTO AGREGADO LOCAL DE ENTRADA - TÉRMINO TEMÁTICO (OCLC, RLIN)
Acceso temático local Biografías
9 (RLIN) 7343
942 ## - ELEMENTOS DE ENTRADA AGREGADOS (KOHA)
Sistema de clasificación LOCAL
Tipo de ítem principal el descrito en 300a Libro
Edición 1
Clasificación E54N062
Existencias
Suprimido Perdido Sistema de clasificación Dañado No prestable Tipo de ítem específico Ubicación habitual Ubicación actual Localización Fecha de creación Forma de adquisición Costo Total préstamos Signatura topográfica Código de barras Última vez visto Ejemplar Price effective from Tipo de ítem
    LOCAL     Libro archivo Archivo Histórico Archivo Histórico Archivo histórico 14/07/2025 Donación 0.00   E54N062 L007209 14/07/2025 Ej.1 14/07/2025 Libro